| 000 | 00608nam a2200181 a 4500 | ||
|---|---|---|---|
| 001 | 000037144 | ||
| 005 | 20200930080153.0 | ||
| 008 | 120217s1991 ag 000 0 spa d | ||
| 020 | _a9500236133 | ||
| 040 |
_aDO-SdBNP _bspa _cBNPHU |
||
| 082 |
_axxxx _bE55 |
||
| 240 | 0 | 4 |
_aMultinational corporations _lEspañol |
| 245 | 0 | 4 |
_aLas empresas multinacionales. / _ccompilación de Theodore H. Moran; traducción de Emilio M. Sierra. |
| 260 |
_aBuenos Aires : _bLibreria "El ateneo" Editorial, _c1991. |
||
| 300 |
_a262 p. ; _c23 cm. |
||
| 500 | _aTraducido del inglés | ||
| 700 | 1 |
_aSierra, Emilio M., _etr. _963548 |
|
| 999 |
_c36634 _d36634 |
||